| 000 | 00430nam a22001697a 4500 | ||
|---|---|---|---|
| 005 | 20160520164503.0 | ||
| 008 | 160520b xxu||||| |||| 00| 0 eng d | ||
| 020 | _a81-7671-045-8 | ||
| 041 | _aeng | ||
| 082 | _b3626 | ||
| 100 |
_aRobert E. Reed Hill _9895 |
||
| 245 | _aPhysical Metallurgy Principles | ||
| 260 |
_bLitton Educational Publishing Izd _c2004 |
||
| 300 | _a900 | ||
| 650 |
_aDIPLOMA ENGINEERING _9817 |
||
| 942 | _cBK | ||
| 999 |
_c1231 _d1231 |
||